Les 8 pays possédant les plus grandes réserves de lithium - Statistiques

Statistiques générales
  • Ce quiz a été pris 66 fois
  • Le résultat moyen est 5 sur 8
Statistiques - réponses
Réserve (en tonnes) Pays % Correct
1 000 000 Chine
96%
630 000 États-Unis
96%
95 000 Brésil
82%
2 800 000 Australie
80%
1 700 000 Argentine
67%
8 600 000 Chili
62%
60 000 Portugal
9%
230 000 Zimbabwe
4%
Aucun quiz correspondant
Distribution des résultats
% des personnes avec chaque résultat
Percentile par nombre de réponses
Votre historique - résultats
Vous n’avez pas pris ce quiz